The Worst Video Games of All Time - Statistics

General Stats
  • This quiz has been taken 9 times
  • The average score is 4 of 25
Answer Stats
Hint Platform Release Year Answer % Correct
Alien tries to collect telephone pieces and avoid falling into pits. Extending his neck allows him to fly. Atari 2600 1982 E.T.
63%
Sci-fi hero shooter inspired by the Marvel Cinematic Universe. The servers were shut down mere days after launch. PC, PS5 2024 Concord
50%
Cocky action hero battles aliens in a loose recreation of an old FPS. Notable for taking 14 years to release. PC, XBOX 360, PS3 2011 Duke Nukem Forever
38%
Anthropomorphic hedgehog battles aliens and soldiers using guns while swearing quite often. Spinoff of a popular platforming franchise. PS2, GC, XBOX 2005 Shadow the Hedgehog
38%
NBA star uses martial arts to rescue a child in another dimension. Named after a nonexistent martial art. SNES, Sega Genesis 1994 Shaq-Fu
38%
Famous superhero rescues his friends in a virtual world created by his arch-nemesis. This largely involves flying through rings. N64 1999 Superman: The New Superman Adventures (Superman 64)
38%
Mouthy bobcat tracks down spaceship parts in a world largely devoid of texture. PS1 1996 Bubsy 3D
25%
Zombie extraction shooter disguised as an MMO. No longer available for purchase. PC 2023 The Day Before
25%
Famous sitcom characters engage in a wrestling tournament. The rules of wrestling are largely absent. PS1 2001 The Simpsons Wrestling
25%
Man battles his inner demons while everyone and everything tries to kill him. Based on a classic novel. NES 1988 Dr. Jekyll & Mr. Hyde
13%
Former soldier with a unique neural implant seeks to discover where it came from and why he has it. This implant causes reality to fail if he takes a step out of line. PC, PS5, XBOX SERIES 2025 MindsEye
13%
Slideshow-based visual novel (?) about a plumber and an attractive woman being pursued by a perverted boss. 3DO 1993 Plumbers Don't Wear Ties
13%
Biker swears vengeance on rival biker gang for the murder of his brother. Commits untold crimes along the way. PC, XBOX, PS3 2013 Ride to Hell: Retribution
13%
Casino game with action shooter elements based off a popular sci-fi franchise. Does not inspire pride nor accomplishment. PC, PS4, XBOX ONE 2017 Star Wars Battlefront II (2017)
13%
Quiz game where the player must guess the guesses of attractive women. One of the few games where possession is illegal in the USA. PS2 2004 The Guy Game
13%
Troglodyte with a split personality must evade his captors while battling broken physics. Based on a popular fantasy series. PC, SWITCH, PS4, PS5, XBOX ONE, XBOX SERIES 2023 The Lord of the Rings: Gollum
13%
A full deck's worth of poorly-programmed minigames. Includes a platformer starring anthropomorphic cheetahs. NES 1992 Action 52
0%
Soldiers battle lobotomized extraterrestrials in a space colony. Considered a blatant example of false advertising. PC, XBOX, PS3 2013 Aliens: Colonial Marines
0%
Children are whisked away to a magical world by a creature in a top hat where they must use special costumes to enact dance parties with strangers. PC, SWITCH, PS4, PS5, XBOX ONE, XBOX SERIES 2021 Balan Wonderworld
0%
Intangible trucks (allegedly) race through mundane environments. You're probably going to be winner. PC 2003 Big Rigs: Over the Road Racing
0%
Dual-pistol-wielding assassin fights to avenge his master by running up walls and slowing down time. Gets his intelligence insulted by ancient spirits. XBOX 2003 Drake of the 99 Dragons
0%
Foulmouthed Navy SEAL infiltrates a North Korean facility during the cold war. Stealth is a distant second priority behind looking cool. PC, XBOX 360, PS3 2009 Rogue Warrior
0%
Parodic real-time strategy game where a brutal Russian dictator must battle an invading alien force. PC 2009 Stalin vs. Martians
0%
Voluptuous adventurer, known for exploring ancient structures, platforms through urban environments to stop a cult. Considered a franchise-killer. PS2 2003 Tomb Raider: The Angel of Darkness
0%
The fifth entry in a popular extreme sports franchise. Largely devoid of physics in favor of online play. PS3, PS4, XBOX 360, XBOX ONE 2015 Tony Hawk's Pro Skater 5
0%
No matching quizzes found
Score Distribution
Percent of People with Each Score
Percentile by Number Answered
Your Score History
You have not taken this quiz